[Event "4th Open"]
[Site "Varna BUL"]
[Date "2010.06.14"]
[Round "3"]
[White "Asgarova,T"]
[Black "Abdulla,K"]
[Result "0-1"]
[WhiteElo "1921"]
[BlackElo "2183"]

1.e4 c5 2.Nf3 e6 3.d4 cxd4 4.Nxd4 a6 5.Bd3 Nf6 6.c4 Qc7 7.Nc3 b6 8.O-O Bb7
9.Be3 d6 10.f3 Be7 11.Rc1 O-O 12.b4 Nbd7 13.Qb3 Rac8 14.Na4 Qb8 15.a3 Bd8
16.Kh1 Bc7 17.Bg1 Rfe8 18.Rfd1 g6 19.Qb2 h5 20.Nb3 Ba8 21.c5 b5 22.cxd6 Bxd6
23.Nac5 Nxc5 24.Nxc5 Be5 25.Bd4 Bxd4 26.Qxd4 e5 27.Qe3 Qb6 28.Bb1 Rcd8 29.Ba2 Rxd1+
30.Rxd1 Kg7 31.Qb3 Re7 32.Rd2 a5 33.Qd1 axb4 34.axb4 Qa7 35.h4 Qa3 36.Qb1 Qe3
37.Rd8 Ra7 38.Qb3 Qe1+ 39.Kh2 Qxh4+ 40.Kg1 Qe1+ 41.Kh2 Ng4+ 42.fxg4 Qh4+
43.Qh3 Qxd8 44.Bb3 hxg4 45.Qxg4 Qf6 46.Qe2 Qh4+ 47.Kg1 Ra1+ 48.Bd1 Qf4 49.Qc2 Qe3+
50.Kh2 Qe1 51.Bg4 Qg1+ 52.Kg3 Qe3+ 53.Bf3 Qf4+ 54.Kf2 Qh4+ 55.Ke2 Qe1+ 56.Kd3 Ra3+
57.Nb3 Qxb4  0-1

[Event "14th FIDE Open"]
[Site "Voronezh RUS"]
[Date "2010.06.14"]
[Round "3"]
[White "Kiselev,Al"]
[Black "Kornilov,P"]
[Result "1-0"]
[WhiteElo "2121"]
[BlackElo "2036"]

1.e4 c5 2.Nf3 e6 3.d4 cxd4 4.Nxd4 a6 5.Bd3 Nf6 6.O-O Qc7 7.Qe2 d6 8.c4 Be7
9.Nc3 O-O 10.Be3 Nbd7 11.f4 Re8 12.Rac1 Bf8 13.Kh1 Qa5 14.Nf3 Rb8 15.Bd2 Qh5
16.e5 Ng4 17.Ne4 f5 18.exf6 Ndxf6 19.Ng3 Qf7 20.h3 Nh6 21.Ng5 Qe7 22.Bc3 e5
23.Qc2 e4 24.N5xe4 Nfg4 25.Rce1 Qh4 26.f5 Ne5 27.Qd2  1-0

[Event "14th Master Open"]
[Site "Voronezh RUS"]
[Date "2010.06.14"]
[Round "3"]
[White "Zolotukhin,V"]
[Black "Kalegin,E"]
[Result "1-0"]
[WhiteElo "2358"]
[BlackElo "2458"]

1.e4 c5 2.Nf3 e6 3.d4 cxd4 4.Nxd4 a6 5.Bd3 Bc5 6.Nb3 Ba7 7.Qg4 Nf6 8.Qg3 d6
9.Nc3 Nc6 10.Bg5 Ne5 11.Be2 Bb8 12.O-O-O Qe7 13.f4 Ng6 14.h4 h6 15.h5 Nxh5
16.Bxh5 hxg5 17.Bxg6 Rxh1 18.Rxh1 fxg6 19.Rh8+ Kd7 20.Qg4 Bc7 21.Nd5 Qf7
22.Nd4 Rb8 23.g3 b5 24.Rf8  1-0

[Event "45th Capablanca Mem Open"]
[Site "Havana CUB"]
[Date "2010.06.17"]
[Round "7"]
[White "Herrera Sosa,J"]
[Black "Romero Echeverria,A"]
[Result "0-1"]
[WhiteElo "1971"]
[BlackElo "2054"]

1.e4 c5 2.Nf3 e6 3.d4 cxd4 4.Nxd4 a6 5.Bd3 g6 6.O-O Bg7 7.Be3 Ne7 8.Nd2 d5
9.c3 O-O 10.N4b3 Nbc6 11.Qc2 f5 12.exf5 Nxf5 13.Bc5 Re8 14.f4 d4 15.Bxf5 exf5
16.cxd4 Nxd4 17.Nxd4 Bxd4+ 18.Bxd4 Qxd4+ 19.Rf2 Be6 20.Qc7 Bd5 21.Nb3 Bxb3
22.axb3 Rac8 23.Qxb7 Rc2 24.Qf3 Ree2 25.Rf1 Rxf2 26.Qxf2 Rxf2 27.Rxf2 Qd1+
28.Rf1 Qxb3  0-1

[Event "Sveins Minneturnering"]
[Site "Oslo NOR"]
[Date "2010.06.18"]
[Round "1"]
[White "Tari,A"]
[Black "Hillarp Persson,T"]
[Result "0-1"]
[WhiteElo "1997"]
[BlackElo "2542"]

1.e4 c5 2.Nf3 e6 3.d4 cxd4 4.Nxd4 a6 5.Bd3 Bc5 6.Nb3 Be7 7.Qg4 g6 8.Qe2 d6
9.a4 b6 10.Na3 Nd7 11.O-O Bb7 12.Nc4 Ngf6 13.Bh6 Qc7 14.Rfd1 Rg8 15.Bf4 e5
16.Be3 Bxe4 17.Bxe4 Nxe4 18.Nxb6 Nxb6 19.Bxb6 Qxb6 20.Qxe4 Rc8 21.Rac1 Kf8
22.a5 Qb5 23.Qd5 Qxd5 24.Rxd5 f5 25.c4 Kf7 26.Kf1 Rb8 27.Rc3 Rgc8 28.Rd2 Rb4
29.c5 dxc5 30.Rdc2 Rb5 31.Nd2 Rxa5 32.Nc4 Ra1+ 33.Ke2 e4 34.b4 Ke6 35.Nd2 c4
36.Rxc4 Rxc4 37.Rxc4 Ra2  0-1

[Event "Sveins Minneturnering"]
[Site "Oslo NOR"]
[Date "2010.06.19"]
[Round "2"]
[White "Skovgaard,I"]
[Black "Trygstad,K"]
[Result "0-1"]
[WhiteElo "2059"]
[BlackElo "2297"]

1.e4 c5 2.Nf3 e6 3.d4 cxd4 4.Nxd4 a6 5.Bd3 Nf6 6.Qe2 d6 7.O-O g6 8.Bg5 Bg7
9.Kh1 Qa5 10.f4 h6 11.Bxf6 Bxf6 12.e5 dxe5 13.Nb3 Qc7 14.Nc3 Nc6 15.fxe5 Bxe5
16.Qf2 Bg7 17.Ne4 f5 18.Qc5 Be5 19.Rae1 Bd7 20.Nc3 Kf7 21.Be4 Bd6 22.Qc4 b5
23.Qd3 Ne5 24.Qd4 Rad8 25.Bxf5 gxf5 26.Ne4 Bc6 27.Nxd6+ Qxd6 28.Qxd6 Rxd6
29.Rxe5 Rg8 30.Re2 Kf6 31.c3 e5 32.h3 f4 33.Nc5 Kf5 34.Kh2 Rdg6 35.g4+ Kf6
36.Rd2 h5 37.Rd6+ Kg5 38.Rxg6+ Rxg6 39.Nd3 hxg4 40.hxg4 Rh6+ 41.Kg1 Rh1+
42.Kf2 Rh2+ 43.Ke1 f3 44.Rf2 Rh8 45.Kd2 e4 46.Nc5 Kf4 47.Ne6+ Kg3 48.Ke3 Rh1
49.Nf4 Re1+ 50.Ne2+ Kxg4 51.Kd2  0-1

[Event "14th Master Open"]
[Site "Voronezh RUS"]
[Date "2010.06.19"]
[Round "7"]
[White "Rysbayeva,A"]
[Black "Potapova,M"]
[Result "1-0"]
[WhiteElo "2219"]
[BlackElo "1849"]

1.e4 c5 2.Nf3 e6 3.d4 cxd4 4.Nxd4 a6 5.Bd3 Bc5 6.Nb3 Ba7 7.O-O Ne7 8.c4 Nbc6
9.Nc3 O-O 10.Kh1 e5 11.Bg5 d6 12.Qe2 Be6 13.Rac1 Rc8 14.Nd5 Qd7 15.Rfd1 f5
16.f3 fxe4 17.Bxe4 Nf5 18.c5 h6 19.Bxf5 hxg5 20.Bxe6+ Qxe6 21.cxd6 Rcd8 22.Nc7 Qf5
23.Qc4+ Rf7 24.Ne6 Rdd7 25.Nec5 Nd4 26.Nxd4 exd4 27.Nxd7 Qxd7 28.Qc8+ Kh7
29.Qxd7 Rxd7 30.Rc7 Rxd6 31.Rxb7 Bb6 32.Kg1 d3+ 33.Rxb6 Rxb6 34.Rd2 Kg6 35.Kf2 Kf5
36.Ke3  1-0

[Event "Open"]
[Site "Eforie Nord ROU"]
[Date "2010.06.20"]
[Round "3"]
[White "Lupulescu,C"]
[Black "Itkis,B"]
[Result "1/2-1/2"]
[WhiteElo "2593"]
[BlackElo "2434"]

1.e4 c5 2.Nf3 e6 3.d4 cxd4 4.Nxd4 a6 5.Bd3 Nf6 6.O-O e5 7.Nf3 Nc6 8.Bg5 Bc5
9.Nc3 h6 10.Bxf6 Qxf6 11.Nd5 Qd8 12.c3 d6 13.Nd2 Ne7 14.Bc4 O-O 15.Nxe7+ Qxe7
16.Bd5 Be6 17.Nc4 Rac8 18.Qd3 Bxd5 19.Qxd5  1/2-1/2

[Event "14th FIDE Open"]
[Site "Voronezh RUS"]
[Date "2010.06.20"]
[Round "8"]
[White "Fadin,E"]
[Black "Kornilov,P"]
[Result "1-0"]
[WhiteElo "2150"]
[BlackElo "2036"]

1.e4 c5 2.Nf3 e6 3.d4 cxd4 4.Nxd4 a6 5.Bd3 Nf6 6.O-O Qc7 7.Re1 Bd6 8.h3 Nc6
9.Nxc6 dxc6 10.a4 Bh2+ 11.Kh1 Bf4 12.Nd2 h5 13.Qe2 Ng4 14.hxg4 hxg4+ 15.Kg1 Bxd2
16.Qxd2 Qh2+ 17.Kf1 Qh1+ 18.Ke2 Qxg2 19.Qf4 Rh2 20.Be3 e5 21.Qxe5+ Be6 22.Rg1 Qh3
23.Rg3 Qh4 24.Rag1 Kf8 25.Qg5 Qh8 26.Bd4 f6 27.Qc5+ Kf7 28.Bc4 Qe8 29.Rxg4 Rh7
30.Bxf6 gxf6 31.Rg8 b6 32.Qb4 c5 33.Rxe8 Rxe8 34.Bxe6+ Rxe6 35.Qc4 f5 36.Qd5 Ke7
37.Qb7+  1-0

[Event "Open"]
[Site "Eforie Nord ROU"]
[Date "2010.06.21"]
[Round "5"]
[White "Carlsson,P"]
[Black "Bulmaga,I"]
[Result "1-0"]
[WhiteElo "2479"]
[BlackElo "2254"]

1.e4 c5 2.Nf3 e6 3.d4 cxd4 4.Nxd4 a6 5.Bd3 Nf6 6.O-O e5 7.Nf3 Nc6 8.Bg5 h6
9.Bxf6 Qxf6 10.Nc3 Bc5 11.Nd5 Qd8 12.c3 d6 13.b4 Ba7 14.Bc4 O-O 15.Qd3 Be6
16.Rad1 Rc8 17.Bb3 Kh8 18.Ne3 Qf6 19.Qe2 Rfd8 20.Nd5 Qg6 21.Rd3 Bg4 22.Re1 f5
23.exf5 Qxf5 24.Ne3 Bxe3 25.Rxe3 e4 26.Rxe4 Ne5 27.Nd4 Bxe2 28.Nxf5 Bd3 29.Nxd6 Rxc3
30.Nxb7 Bxe4 31.Nxd8 Nd3 32.Rd1 Nxb4 33.f3 Bd3 34.Nf7+ Kh7 35.Ne5 Bf5 36.Rd8 Nc6
37.Bg8+  1-0

[Event "14th Master Open"]
[Site "Voronezh RUS"]
[Date "2010.06.21"]
[Round "9"]
[White "Khruschiov,A"]
[Black "Shaposhnikov,E"]
[Result "1-0"]
[WhiteElo "2413"]
[BlackElo "2550"]

1.e4 c5 2.Nf3 e6 3.d4 cxd4 4.Nxd4 a6 5.Bd3 g6 6.c4 Bg7 7.Be2 d5 8.exd5 exd5
9.Be3 dxc4 10.Bxc4 Ne7 11.Nc3 O-O 12.O-O Nd7 13.Bb3 Nf6 14.Qf3 Rb8 15.h3 b5
16.Rad1 Bb7 17.Qg3 Qa5 18.Bxf7+ Kxf7 19.Nb3 Qb4 20.Rd4 Nf5 21.Qxb8 Qe7 22.Qa7 Nxd4
23.Bxd4 Ra8 24.Qb6 Bc8 25.Rc1 Bh6 26.Bxf6 Qxf6 27.Qc7+ Qe7 28.Nd5 Qxc7 29.Rxc7+  1-0

[Event "Sveins Minneturnering"]
[Site "Oslo NOR"]
[Date "2010.06.22"]
[Round "9"]
[White "Moen,OC"]
[Black "Skovgaard,T"]
[Result "1-0"]
[WhiteElo "2233"]
[BlackElo "2005"]

1.e4 c5 2.Nf3 e6 3.d4 cxd4 4.Nxd4 a6 5.Bd3 Nc6 6.c3 g6 7.O-O Bg7 8.Be3 Nge7
9.f4 e5 10.Nxc6 dxc6 11.Na3 exf4 12.Rxf4 O-O 13.Qf1 Bh6 14.Bd4 Qc7 15.Rh4 Bg7
16.Nc4 f5 17.Bb6 Qb8 18.e5 Be6 19.Bc5 Qd8 20.Nb6 Nd5 21.Rd4 Qg5 22.Nxa8 Rxa8
23.Re1 Ne3 24.Qf2 Ng4 25.Qg3 f4 26.Qxf4 Qh5 27.Bc4 Bxc4 28.Qxg4 Bxe5 29.Rxc4 Qxh2+
30.Kf1 Bg3 31.Qh3  1-0

[Event "Open"]
[Site "Eforie Nord ROU"]
[Date "2010.06.23"]
[Round "7"]
[White "Stolte,A"]
[Black "Bogdan,Dan"]
[Result "0-1"]
[WhiteElo "2231"]
[BlackElo "2350"]

1.e4 c5 2.Nf3 e6 3.d4 cxd4 4.Nxd4 a6 5.Bd3 Qc7 6.O-O d6 7.b3 Nf6 8.Bb2 Nbd7
9.c4 b6 10.Nc3 Bb7 11.Qe2 Be7 12.Kh1 O-O 13.f4 Rfe8 14.Rae1 g6 15.f5 exf5
16.exf5 Bf8 17.Qd2 Bg7 18.fxg6 hxg6 19.Qf4 Rxe1 20.Rxe1 Ne5 21.Bb1 Re8 22.Rd1 Qc8
23.Nd5 Nxd5 24.cxd5 Bxd5 25.Nf5 gxf5 26.Rxd5 Ng6  0-1

[Event "King's Gambit A"]
[Site "Lipetsk RUS"]
[Date "2010.06.23"]
[Round "1"]
[White "Kargin,A"]
[Black "Neverov,V"]
[Result "0-1"]
[WhiteElo "2392"]
[BlackElo "2542"]

1.e4 c5 2.Nf3 e6 3.d4 cxd4 4.Nxd4 a6 5.Bd3 Bc5 6.Nb3 Ba7 7.Qg4 Nf6 8.Qg3 Nc6
9.e5 Nh5 10.Qh3 g6 11.g4 Ng7 12.Qh6 O-O 13.Bg5 Qb6 14.O-O d6 15.N1d2 Nxe5
16.Bf6 Ne8 17.Be7 Nd7 18.Ne4 f6 19.Bxf8 Nxf8 20.c4 d5 21.cxd5 exd5 22.Nc3 Be6
23.Rae1 Rd8 24.Ne2 Bxg4 25.Nf4 Qd6 26.Bxg6 hxg6 27.Nxg6 Ne6 28.h3 Qg3+ 29.Kh1 Bf3+  0-1

[Event "Open"]
[Site "Eforie Nord ROU"]
[Date "2010.06.24"]
[Round "8"]
[White "Berbatov,K"]
[Black "Dobre,C"]
[Result "1/2-1/2"]
[WhiteElo "2471"]
[BlackElo "1481"]

1.e4 c5 2.Nf3 e6 3.d4 cxd4 4.Nxd4 a6 5.Bd3 Bc5 6.Nb3 Be7 7.O-O d6 8.Nc3 Nd7
9.f4 Ngf6 10.Qe2 Qc7 11.a4 b6 12.Bd2 Bb7 13.Rae1 O-O 14.e5 Nd5 15.Nxd5 Bxd5
16.exd6 Bxd6 17.c4 Bb7 18.Bc3 g6 19.Qg4 Nc5 20.Nxc5 Bxc5+ 21.Kh1 Rfd8 22.Be5 Bd6
23.Re3 Rd7 24.Bc3 Bc5 25.Rh3 f5 26.Qe2 Qc6 27.Rff3 Bd4 28.Bxd4 Rxd4 29.Rfg3 Rd7
30.Qe5 Rg7 31.b4 Rd8 32.Qe2 Re7 33.Qe5 Rg7 34.Qe2 Re7 35.Qe5  1/2-1/2

[Event "1st Open"]
[Site "Marrakesh MAR"]
[Date "2010.06.26"]
[Round "1"]
[White "Evdokimov,Alexa"]
[Black "Sbia,B"]
[Result "1-0"]
[WhiteElo "2551"]
[BlackElo "1918"]

1.e4 c5 2.Nf3 e6 3.d4 cxd4 4.Nxd4 a6 5.Bd3 Nf6 6.O-O Nc6 7.Nxc6 bxc6 8.e5 Nd5
9.c4 Nb4 10.Be4 a5 11.Nc3 Qc7 12.f4 Bb7 13.Be3 Na6 14.Na4 c5 15.Qf3 Bxe4
16.Qxe4 Rb8 17.f5 g6 18.f6 d6 19.Rad1 dxe5 20.Nc3 Rxb2 21.Qa8+ Nb8 22.Rb1 Rxb1
23.Rxb1 Bd6 24.Nb5  1-0

[Event "IsBank TCh-TUR"]
[Site "Konya TUR"]
[Date "2010.06.30"]
[Round "2"]
[White "Mamedov,Nid"]
[Black "Gajewski,G"]
[Result "1/2-1/2"]
[WhiteElo "2614"]
[BlackElo "2572"]

1.e4 c5 2.Nf3 e6 3.d4 cxd4 4.Nxd4 a6 5.Bd3 Nf6 6.O-O Qc7 7.Qe2 d6 8.c4 g6
9.Nc3 Bg7 10.Nf3 Nc6 11.Bf4 O-O 12.Rac1 e5 13.Be3 Bg4 14.h3 Nd4 15.Bxd4 Bxf3
16.Qxf3 exd4 17.Ne2 Qb6 18.Rc2 Rfe8 19.Nf4 Re7 20.Rb1 a5 21.g3 Rae8 22.Kg2 Re5
23.Re1 R5e7 24.h4 h5 25.Rec1 Rc7 26.b3 Rc5 27.Re1 Rce5 28.Nd5 Nxd5 29.cxd5 R5e7
30.Rc4 Rc7 31.Rec1 Rec8 32.g4 Rxc4 33.bxc4 Qd8 34.Rb1 Qxh4 35.gxh5 Rc7 36.Qg3 Qxh5
37.f4 f5 38.Rh1 Qg4 39.Qxg4 fxg4 40.Kg3 g5 41.f5 Bf6 42.Kxg4 b6 43.a4  1/2-1/2

[Event "IsBank TCh-TUR"]
[Site "Konya TUR"]
[Date "2010.06.30"]
[Round "2"]
[White "Emiroglu,C"]
[Black "Ali Marandi,C"]
[Result "1-0"]
[WhiteElo "2100"]
[BlackElo "2105"]

1.e4 c5 2.Nf3 e6 3.d4 cxd4 4.Nxd4 a6 5.Bd3 Nf6 6.O-O d6 7.c4 Be7 8.b3 O-O
9.Nc3 Nc6 10.Nc2 Nd7 11.Bb2 Nc5 12.f4 Bf6 13.Kh1 Qa5 14.Qd2 b5 15.cxb5 Nxd3
16.Qxd3 axb5 17.e5 dxe5 18.Ne4 Qd8 19.Nxf6+ Qxf6 20.Qxb5 Ba6 21.Qxc6 Bxf1
22.Rxf1 Qf5 23.Nb4 exf4 24.Qf3 e5 25.Nc6 Qe6 26.Nxe5 Rxa2 27.Nc4 Rb8 28.Qxf4 Rxb3
29.Qd4 Qf6 30.Rxf6 gxf6 31.Qd8+  1-0

[Event "5th Open"]
[Site "Wroclaw POL"]
[Date "2010.06.30"]
[Round "7"]
[White "Leks,H"]
[Black "Schneider,Ve"]
[Result "1-0"]
[WhiteElo "2165"]
[BlackElo "2339"]

1.e4 c5 2.Nf3 e6 3.d4 cxd4 4.Nxd4 a6 5.Bd3 Bc5 6.Nb3 Be7 7.Qg4 g6 8.Qe2 d6
9.O-O Nd7 10.a4 Ne5 11.a5 Nf6 12.Bh6 Bf8 13.Bg5 h6 14.Bxf6 Qxf6 15.f4 Nc6
16.c3 Bg7 17.N1d2 O-O 18.Nc4 Qe7 19.Nb6 Rb8 20.Nd2 Rd8 21.Kh1 Qc7 22.Qf2 Ne7
23.Nxc8 Rbxc8 24.f5 gxf5 25.exf5 exf5 26.Bxf5 Nxf5 27.Qxf5 d5 28.Nb3 Qd7
29.Qf2 Rc4 30.Nd4 Bxd4 31.cxd4 Rc6 32.Ra3 Rg6 33.Rf3 Rf8 34.Rf5 Rg5 35.Rf6 h5
36.h3 Rg7 37.Qh4 Qb5 38.Qxh5 Rh7 39.Qf3 Rg7 40.Rf5 Qxa5 41.Rxd5 Qd2 42.Qf2 Qxf2
43.Rxf2 Rc8 44.Rdf5 Rc1+ 45.Rf1 Rxf1+ 46.Rxf1 Kf8 47.g4 Ke7 48.Kg2 Kd6 49.Rf5 Ke6
50.Kg3 Rg8 51.h4 b5 52.d5+ Ke7 53.h5 b4 54.h6 b3 55.g5 a5 56.h7 Rb8 57.d6+ Kxd6
58.Rxf7 a4 59.Ra7 Ke5 60.Rxa4 Kf5 61.Ra7 Kg6 62.Rb7 Rc8 63.Rxb3 Kxh7 64.Rb6 Rc4
65.Kf3 Kg7 66.b4 Rd4 67.Ke3 Rg4 68.g6 Rh4 69.Kd3 Rf4 70.Kc3 Rh4 71.Kb3 Rf4
72.Ka4 Rf5 73.b5 Rf1 74.Rc6 Rb1 75.Ka5  1-0

[Event "IsBank TCh-TUR"]
[Site "Konya TUR"]
[Date "2010.07.02"]
[Round "6"]
[White "Tuncer,U"]
[Black "Pantsulaia,L"]
[Result "0-1"]
[WhiteElo "2315"]
[BlackElo "2587"]

1.Nf3 c5 2.e4 e6 3.d4 cxd4 4.Nxd4 a6 5.Bd3 Nf6 6.O-O e5 7.Nb3 d6 8.Nc3 Be7
9.a4 O-O 10.Kh1 Nc6 11.f4 Nb4 12.a5 Bd7 13.Na4 Bc6 14.Qe2 Qc7 15.Nb6 Rad8
16.Bd2 Nxd3 17.cxd3 Nd7 18.Nxd7 Qxd7 19.Bc3 d5 20.Rf3 dxe4 21.dxe4 exf4 22.Rxf4 Qd3
23.Qxd3 Rxd3 24.Nd4 Bd6 25.Rg4 h5 26.Rg5 Bxe4 27.Rxh5 Re8 28.Nf5 Bf8 29.Rf1 f6
30.Ng3 Bc6 31.Rhf5 Bd6 32.R5f2 Bc7 33.Ne2 Bb5 34.Nd4 Rxd4 35.Bxd4 Bxf1 36.Rxf1 Bxa5
37.g3 Re4 38.Rd1 Re2 39.Rb1 Kf7 40.b4 Bd8 41.Bc5 Ke6 42.Rd1 Bc7 43.Bf8 g5
44.Rc1 Be5 45.Rc8 Kf5 46.Rd8 Kg4 47.Bc5 Rc2 48.Kg1 a5  0-1

[Event "IsBank TCh-TUR"]
[Site "Konya TUR"]
[Date "2010.07.02"]
[Round "6"]
[White "Morgul,E"]
[Black "Arig,B"]
[Result "1/2-1/2"]
[WhiteElo "1718"]
[BlackElo "1778"]

1.e4 c5 2.Nf3 e6 3.d4 cxd4 4.Nxd4 a6 5.Bd3 b5 6.a4 Qb6 7.Nb3 bxa4 8.Rxa4 Bb4+
9.c3 Be7 10.Be3 Qb7 11.Qc2 Nc6 12.O-O Nf6 13.f3 Qc7 14.Qe2 O-O 15.N1d2 h5
16.Nc4 d5 17.Nb6 Rb8 18.Nxc8 Rfxc8 19.Nd4 Bd6 20.Nxc6 Bxh2+ 21.Kh1 Qxc6 22.Rxa6 Qc7
23.Ra7 Qg3 24.Bf2 Qf4 25.Ra2 Qe5 26.exd5 Nxd5 27.Qxe5 Bxe5 28.Re1 Bf6 29.Kh2 Be7
30.Kg1 Bf6 31.Kh2 Be7  1/2-1/2

[Event "ch-NOR"]
[Site "Fredrikstad NOR"]
[Date "2010.07.03"]
[Round "1"]
[White "Moen,A"]
[Black "Ostenstad,B"]
[Result "1/2-1/2"]
[WhiteElo "2326"]
[BlackElo "2466"]

1.e4 c5 2.Nf3 e6 3.d4 cxd4 4.Nxd4 a6 5.Bd3 Qb6 6.Nb3 Qc7 7.c4 Nf6 8.Nc3 Be7
9.O-O d6 10.f4 Nbd7 11.Be3 b6 12.Qf3 Bb7 13.Rae1 h5 14.Qh3 Ng4 15.f5 Nde5
16.Bf4 Bf6 17.Rc1 Rc8 18.Be2 Ke7 19.Qg3 b5 20.Bxg4 hxg4 21.cxb5 axb5 22.fxe6 fxe6
23.Nd5+ exd5 24.Rxc7+ Rxc7 25.Nd4 dxe4 26.Nf5+ Ke6 27.Nd4+ Ke7 28.Nf5+ Ke6
29.Nd4+  1/2-1/2

[Event "IsBank TCh-TUR"]
[Site "Konya TUR"]
[Date "2010.07.05"]
[Round "8"]
[White "Yurtseven,M"]
[Black "Ali Marandi,C"]
[Result "1-0"]
[WhiteElo "1964"]
[BlackElo "2105"]

1.e4 c5 2.Nf3 e6 3.d4 cxd4 4.Nxd4 a6 5.Bd3 g6 6.c4 Bg7 7.Nb3 Ne7 8.Nc3 O-O
9.O-O Nbc6 10.Be3 b6 11.Rc1 Rb8 12.Qe2 Bb7 13.c5 b5 14.f4 f5 15.e5 Nb4 16.Bb1 Qc7
17.Bd2 Nbd5 18.Nxd5 Bxd5 19.Rfd1 Kh8 20.h4 Ng8 21.Ba5 Qb7 22.Bb4 Rfe8 23.Na5 Qa8
24.a3 Nh6 25.Bc2 Qa7 26.Bb3 Be4 27.Rd4 Bf8 28.Qd1 Red8 29.Bxe6 Qa8 30.Bd5 Bxd5
31.Rxd5 Ng4 32.Rc3 Be7 33.g3 Qa7 34.Qd4 Rbc8 35.Kf1 Qa8 36.Rd3 Re8 37.Kg1 d6
38.Rxd6 Qe4 39.Qxe4 fxe4 40.Rd1 e3 41.Nb7 Rc7 42.c6 e2 43.Re1 Ne3 44.Rxe2 Nf5
45.Re6 Nd4 46.Rxe7 Nxe2+ 47.Kf2 Rexe7 48.Kxe2 Re6 49.Na5 Rexc6 50.Nxc6 Rxc6
51.Kd3 Kg8 52.g4 Kf7 53.b3 Rc1 54.f5 h5 55.e6+ Kf6 56.e7 Rc8 57.fxg6 hxg4
58.h5 Kg5 59.g7 Kxh5 60.e8=Q+ Rxe8 61.Bf8 Rd8+ 62.Ke3 Re8+ 63.Kf4  1-0

[Event "ch-SWE Mastarklassen"]
[Site "Lund SWE"]
[Date "2010.07.05"]
[Round "3"]
[White "Rosell,T"]
[Black "Couso,L"]
[Result "1/2-1/2"]
[WhiteElo "2191"]
[BlackElo "2261"]

1.e4 c5 2.Nf3 e6 3.d4 cxd4 4.Nxd4 a6 5.Bd3 Qb6 6.c3 Nc6 7.Ne2 Nf6 8.O-O Be7
9.Kh1 e5 10.Ng3 d6 11.Na3 O-O 12.Nc4 Qd8 13.Ne3 Ne8 14.a4 Bg5 15.Nd5 Bxc1
16.Qxc1 Be6 17.f4 exf4 18.Qxf4 Ne5 19.Bc2 g6 20.Rad1 Bxd5 21.Rxd5 Nc7 22.Rdd1 Qe7
23.Qf6 Qxf6 24.Rxf6 Ne8 25.Rf2 Rc8 26.Bb3 Kg7 27.h3 Rc7 28.Ne2 Nf6 29.Ng3 Rd8
30.Rfd2 h5 31.Rxd6 Rxd6 32.Rxd6 h4 33.Ne2 Nxe4 34.Rd4  1/2-1/2

[Event "IsBank TCh-TUR"]
[Site "Konya TUR"]
[Date "2010.07.06"]
[Round "10"]
[White "Karabayir,M"]
[Black "Ali Marandi,C"]
[Result "0-1"]
[WhiteElo "1867"]
[BlackElo "2105"]

1.e4 c5 2.Nf3 e6 3.d4 cxd4 4.Nxd4 a6 5.Bd3 Nc6 6.Nxc6 dxc6 7.O-O Nf6 8.e5 Nd7
9.Qe2 Nc5 10.Rd1 Qc7 11.Bg5 Bd7 12.Nc3 h6 13.Bh4 g5 14.Bg3 O-O-O 15.b4 Nxd3
16.Rxd3 h5 17.h3 h4 18.Bh2 g4 19.hxg4 c5 20.Rad1 Be7 21.Ne4 cxb4 22.Nd6+ Bxd6
23.exd6 Qb6 24.a3 Kb8 25.Qe5 Rhg8 26.g5 Rg6 27.axb4 Rdg8 28.Qd4 Qc6 29.Qxh4 Rxg5
30.Bg3 Qxc2 31.Qd4 Rh5 32.Qb6 Rgh8 33.Qc7+ Ka8 34.Bh4 Rxh4 35.g3 Rh1+ 36.Kg2 Bc6+  0-1

[Event "IsBank TCh-TUR"]
[Site "Konya TUR"]
[Date "2010.07.06"]
[Round "10"]
[White "Morgul,E"]
[Black "Bulmaga,I"]
[Result "0-1"]
[WhiteElo "1718"]
[BlackElo "2254"]

1.e4 c5 2.Nf3 e6 3.d4 cxd4 4.Nxd4 a6 5.Bd3 Nf6 6.c4 e5 7.Nf3 Nc6 8.a3 d6
9.Nc3 Be7 10.O-O Bg4 11.h3 Be6 12.Nd5 O-O 13.Be3 Nd7 14.Rc1 Kh8 15.b4 a5
16.b5 Na7 17.Qc2 b6 18.Rfd1 Nc8 19.Nxe7 Qxe7 20.Ng5 Ra7 21.Nxe6 fxe6 22.Qb2 Rc7
23.f3 Nc5 24.Bf1 Qf6 25.Kh2 h6 26.Bxc5 Rxc5 27.Qd2 g5 28.Rc3 Kg7 29.Qe1 Kf7
30.g3 Ke8 31.Kg2 h5 32.Rdd3 Rc7 33.Qd1 g4 34.h4 Qg6 35.Qe2 Rcf7 36.Kh2 Rf6
37.Bg2 Qg7 38.Rc2 Rg6 39.fxg4 hxg4 40.Qe1 Rgf6 41.Rdd2 Rh8 42.Bf1 Rf3 43.Rd3 Rf6
44.Rf2 Rfh6 45.Kg2 Qe7 46.Rfd2 Qh7 47.Re3 Kd7 48.Be2 Rg6 49.Qd1 Kc7 50.Bxg4 Qg7
51.Bh3 Rxh4 52.Qf3 Rgh6 53.g4 Rxh3 54.Qxh3 Rxh3  0-1

[Event "ch-NOR"]
[Site "Fredrikstad NOR"]
[Date "2010.07.07"]
[Round "6"]
[White "Thomassen,J"]
[Black "Groenn,A"]
[Result "1-0"]
[WhiteElo "2364"]
[BlackElo "2415"]

1.e4 c5 2.Nf3 e6 3.d4 cxd4 4.Nxd4 a6 5.Bd3 Bc5 6.Nb3 Be7 7.Qg4 g6 8.Qe2 d6
9.O-O Nd7 10.f4 Qc7 11.Bd2 Ngf6 12.Nc3 b6 13.Rae1 Bb7 14.e5 Nd5 15.Ne4 dxe5
16.fxe5 Nxe5 17.c4 Nxd3 18.Qxd3 Nb4 19.Bxb4 Bxb4 20.Qd4 e5 21.Nf6+ Kf8 22.Nd7+ Kg8
23.Rxe5 Rd8 24.Re8+ Rxe8 25.Nf6+ Kf8 26.Nxe8 Qc6 27.Qxh8+ Ke7 28.Qf6+ Kxe8
29.Qxc6+ Bxc6 30.Rf6 Bd7 31.Rxb6 a5 32.a3 Be7 33.Rb8+  1-0

[Event "IsBank TCh-TUR"]
[Site "Konya TUR"]
[Date "2010.07.07"]
[Round "11"]
[White "Reyhan,D"]
[Black "Kasimdzhanov,R"]
[Result "0-1"]
[WhiteElo "2325"]
[BlackElo "2699"]

1.e4 c5 2.Nf3 e6 3.d4 cxd4 4.Nxd4 a6 5.Bd3 g6 6.O-O Bg7 7.Nf3 Nc6 8.c4 Nge7
9.Nc3 O-O 10.Bf4 d5 11.e5 Nb4 12.a3 Nxd3 13.Qxd3 Qb6 14.b4 dxc4 15.Qxc4 Bd7
16.Be3 Qc6 17.Qb3 b6 18.Rfd1 Qb7 19.b5 axb5 20.Nxb5 Bxb5 21.Qxb5 Nd5 22.Bd4 Rfc8
23.Rdb1 Rc6 24.a4 Qc7 25.h3 Bh6 26.Nh2 Rc4 27.Nf3 Qc8 28.Bxb6 Nc3 29.Qb3 Nxb1
30.Rxb1 Rc1+ 31.Rxc1 Qxc1+ 32.Kh2 Qf4+ 33.g3 Qxa4 34.Qxa4 Rxa4 35.Kg2 Kf8
36.Nh2 Ke8 37.Ng4 Bg7 38.Be3 h5 39.Nf6+ Bxf6 40.exf6 e5 41.Kf3 Kd7 42.g4 Ke6
43.Bg5 Ra3+  0-1

[Event "IsBank TCh-TUR"]
[Site "Konya TUR"]
[Date "2010.07.07"]
[Round "12"]
[White "Baglan,E"]
[Black "Ali Marandi,C"]
[Result "1/2-1/2"]
[WhiteElo "1800"]
[BlackElo "2105"]

1.e4 c5 2.Nf3 e6 3.d4 cxd4 4.Nxd4 a6 5.Bd3 Nc6 6.Nxc6 dxc6 7.O-O e5 8.Be3 Nf6
9.f3 Bd6 10.Qe2 O-O 11.Nd2 Qe7 12.a4 Be6 13.Rfd1 Rad8 14.a5 Nd7 15.Qf2 Bc5
16.Bc4 Bxe3 17.Qxe3 Nf6 18.Bxe6 Qxe6 19.Nb3 h6 20.Rd2 Qe7 21.Rad1 Nh7 22.Rxd8 Rxd8
23.Rxd8+ Qxd8 24.Qd2 Qe7 25.Qc3 Nf6 26.Nc5 Kh7 27.b4 Nh5 28.Qd2 Nf4 29.g3 Ng6
30.Kg2 Nf8 31.h4 f6 32.Qd3 Qf7 33.Qb3  1/2-1/2

[Event "ch-NOR"]
[Site "Fredrikstad NOR"]
[Date "2010.07.08"]
[Round "7"]
[White "Getz,N"]
[Black "Stubberud,O"]
[Result "0-1"]
[WhiteElo "2239"]
[BlackElo "2276"]

1.e4 c5 2.Nf3 e6 3.d4 cxd4 4.Nxd4 a6 5.Bd3 Nf6 6.O-O Qc7 7.Kh1 d5 8.Nd2 dxe4
9.Nxe4 Nbd7 10.f4 Nxe4 11.Bxe4 Nf6 12.Bd3 Bc5 13.Nb3 Bd6 14.c4 O-O 15.Be3 Bd7
16.Bd4 Be7 17.Be5 Qc8 18.Rf3 Rd8 19.Rg3 Ba4 20.Qb1 h6 21.Nd4 Nh5 22.Rg4 Nf6
23.Rg3 Nh5 24.Rg4 f6 25.Bg6 Nxf4 26.Bxf4 Rxd4 27.Bf7+ Kxf7 28.Qg6+ Kf8 29.b3 Bc6
30.Qxg7+ Ke8 31.Bxh6 Rxg4 32.Qxg4 e5 33.Qg7 Qh3 34.Rd1 Bxg2+ 35.Qxg2 Qxh6
36.Qxb7 Rd8 37.Rg1 Qh7  0-1

[Event "Heart of Finland"]
[Site "Jyvaskyla FIN"]
[Date "2010.07.08"]
[Round "5"]
[White "Lonnqvist,H"]
[Black "Norri,J"]
[Result "0-1"]
[WhiteElo "2125"]
[BlackElo "2339"]

1.e4 c5 2.Nf3 e6 3.d4 cxd4 4.Nxd4 a6 5.Bd3 Bc5 6.Nb3 Be7 7.O-O d6 8.Nc3 Nf6
9.f4 Nc6 10.a3 Qc7 11.Qe2 b5 12.Bd2 Bb7 13.Kh1 O-O 14.Rae1 Nd7 15.Rf3 Rfe8
16.Rg3 Bf8 17.Qh5 g6 18.Rf1 Bg7 19.Qh4 b4 20.axb4 Nxb4 21.Rh3 Nf8 22.Nb5 axb5
23.Bxb4 Ra2 24.Bc3 Bxc3 25.bxc3 Qxc3 26.f5 exf5 27.exf5 Rxc2 28.fxg6 fxg6
29.Bxg6 Qg7 30.Rxf8+ Kxf8 31.Rf3+ Bxf3  0-1

[Event "3rd Open"]
[Site "Paracin SRB"]
[Date "2010.07.12"]
[Round "4"]
[White "Bojovic,D"]
[Black "Damljanovic,B"]
[Result "0-1"]
[WhiteElo "2330"]
[BlackElo "2541"]

1.e4 c5 2.Nf3 e6 3.d4 cxd4 4.Nxd4 a6 5.Bd3 Bc5 6.Nb3 Be7 7.O-O Nc6 8.Nc3 Nf6
9.Be3 b5 10.f4 d6 11.Qf3 Bd7 12.g4 h6 13.Nd4 Nxd4 14.Bxd4 b4 15.Nd1 e5 16.fxe5 dxe5
17.Bxe5 Bxg4 18.Qg3 Be6 19.Kh1 Qa5 20.Bd4 Rd8 21.c3 bxc3 22.bxc3 Qg5 23.Bxa6 Nxe4
24.Qxg5 hxg5 25.Re1 Ng3+ 26.Kg1 Nf5 27.Bb6 Rb8 28.Bc7 Bc5+ 29.Kf1 Ra8 30.Bd3 Kd7
31.Re5 Bd6 32.Bxd6 Kxd6 33.Rxf5 Bxf5 34.Bxf5 Rxh2 35.Nf2 g6 36.Bc2 f5 37.Kg1 Rah8
38.Rd1+ Kc7 39.Rd3 Rxf2 40.Kxf2 Rh2+ 41.Kg3 Rxc2 42.a4 Ra2 43.Rd4 Ra3 44.Rc4+ Kd6
45.Rc8 Ke6 46.Rc6+ Kf7 47.Rc7+ Kf6 48.Rc6+ Kg7 49.Rc7+ Kh6 50.Rc4 g4 51.Kf4 Ra1
52.Rc8 Rf1+ 53.Kg3 Kg5 54.Rc5 Rg1+ 55.Kf2 Ra1 56.a5 Kh4 57.Rc6 Rxa5 58.Rxg6 f4
59.Rh6+ Kg5 60.Rh8 Ra2+  0-1

[Event "Int ch-SVK OpenA"]
[Site "Banska Stiavnica SVK"]
[Date "2010.07.14"]
[Round "5"]
[White "Leniart,A"]
[Black "Likavsky,T"]
[Result "1-0"]
[WhiteElo "2423"]
[BlackElo "2440"]

1.e4 c5 2.Nf3 e6 3.d4 cxd4 4.Nxd4 a6 5.Bd3 Bc5 6.Nb3 Ba7 7.O-O Nc6 8.Qg4 Nf6
9.Qxg7 Rg8 10.Qh6 Ne5 11.Kh1 Neg4 12.Qh4 Qb6 13.Be3 Nxe3 14.fxe3 Ng4 15.Qxh7 Rf8
16.Rf3 Qd6 17.Qh5 Ne5 18.Rg3 b5 19.Nc3 b4 20.Ne2 Nxd3 21.cxd3 Qxd3 22.e5 Bb7
23.Nf4 Qe4 24.Nd2 Qc2 25.Qd1 Rc8 26.b3 Qxd1+ 27.Rxd1 Rc2 28.Nc4 Bc5 29.Nh5 Ke7
30.Nf6 Bc6 31.h4 Rxa2 32.h5 Rh8 33.e4 a5 34.Rg8 Rxg8 35.Nxg8+ Kf8 36.Nf6 a4
37.h6 axb3 38.h7 Kg7 39.Rd3 Ra1+ 40.Kh2 Bg1+ 41.Kh3 Bf2 42.Rxb3 Rh1+ 43.Kg4 Rh4+
44.Kg5 Rh2 45.Nd6 Bc5 46.Rg3 Rxh7 47.Kf4+ Kh6 48.Kf3  1-0